| Tag |
First Indicator |
Second Indicator |
Subfields |
| LEADER |
00000cam a2200000 a 4500 |
| 001 |
in00000859921 |
| 005 |
20151019070801.0 |
| 008 |
850620s1985 oruab bs f00010 eng d |
| 010 |
|
|
|a gp 85024203
|
| 035 |
|
|
|a (OCoLC)12189887
|
| 035 |
|
|
|9 AED4291AM
|
| 040 |
|
|
|a EZF
|c EZF
|d AGL
|d GPO
|d UtOrBLW
|
| 043 |
|
|
|a n-us-ak
|
| 070 |
|
|
|a A99.9
|b F7625Un no.121
|
| 072 |
|
0 |
|a K250
|
| 074 |
|
|
|a 83-B-5 (microfiche)
|
| 086 |
0 |
|
|a A 13.80:PNW-121
|
| 100 |
1 |
|
|a Carroll, Gary L.
|
| 245 |
1 |
0 |
|a Timber resource statistics for the Beluga block, Susitna River Basin multiresource inventory unit, Alaska, 1980 /
|c Gary L. Carroll, Theodore S. Setzer, and Bert R. Mead.
|
| 264 |
|
1 |
|a Portland, Or. :
|b U.S. Dept. of Agriculture, Forest Service, Pacific Northwest Forest and Range Experiment Station,
|c [1985]
|
| 300 |
|
|
|a 48 pages :
|b illustrations, 1 map ;
|c 28 cm.
|
| 336 |
|
|
|a text
|b txt
|2 rdacontent
|
| 337 |
|
|
|a unmediated
|b n
|2 rdamedia
|
| 338 |
|
|
|a volume
|b nc
|2 rdacarrier
|
| 490 |
1 |
|
|a Resource bulletin PNW ;
|v 121
|
| 500 |
|
|
|a Cover title.
|
| 500 |
|
|
|a Distributed to depository libraries in microfiche.
|
| 500 |
|
|
|a "February 1985."
|
| 504 |
|
|
|a Bibliography: page 48.
|
| 650 |
|
0 |
|a Forests and forestry
|z Alaska
|z Susitna River
|x Statistics.
|
| 650 |
|
0 |
|a Timber
|z Alaska
|z Susitna River
|x Statistics.
|
| 700 |
1 |
|
|a Setzer, Theodore S.
|
| 700 |
1 |
|
|a Mead, Bert R.
|
| 710 |
2 |
|
|a Pacific Northwest Forest and Range Experiment Station (Portland, Or.)
|
| 830 |
|
0 |
|a Resource bulletin PNW ;
|v 121.
|
| 999 |
|
|
|a MARS
|
| 999 |
f |
f |
|s b07c3fca-1830-35a8-be50-00dde8323c2d
|i 38177301-eb51-31a0-a822-0878b91b531f
|t 0
|
| 952 |
f |
f |
|p normal
|a Texas A&M University
|b College Station
|c Sterling C. Evans Library
|d Evans: US Documents (Annex 5th floor)
|t 0
|e A 13.80: PNW-121
|h Superintendent of Documents classification
|i unmediated -- volume
|m A14813538394
|
| 998 |
f |
f |
|a A 13.80: PNW-121
|t 0
|l Evans: US Documents (Annex 5th floor)
|